00543 a2200133 4500003000500000005001700005040000900022082001000031245003600041260004000077505024200117538003200359650001800391Nust20170207154214.0 cNust a378.4 aNorthumbriabUni of Northumbria aNewcastlebUni of Northumbriac2001 aPoints of Contact (Page-A.3) How to use this Prospectus (Page- A.4) Choose Northumbria (page-A.6) The Region (Page-A.8) The University Campuses (page-A.15) Travel to Northumbria (Page-A.20)Accommodation (Page-A.22) Sporting (Page-A-24)  aAlmirah No. 117 Shelf No. 2 aUG Prospectus